|
|
|
|
| LEADER |
01030pam a22002778a 4500 |
| 001 |
00022991 |
| 005 |
20171026081023.0 |
| 008 |
110608s1979 ||||||viesd |
| 041 |
0 |
# |
|a vie
|
| 082 |
1 |
4 |
|a 907
|b T103L
|
| 100 |
0 |
# |
|a Phan Ngọc Liên
|
| 245 |
0 |
0 |
|a Tài liệu bồi dưỡng lịch sử cho giáo viên cấp II và III
|c Phan Ngọc Liên,Phan Huy Lê
|n T.2
|
| 260 |
# |
# |
|a H.
|b Giáo Dục
|c 1979
|
| 300 |
# |
# |
|a 259tr.
|c 21cm.
|
| 500 |
# |
# |
|a Bộ Giáo Dục. Cục đào tạo và bồi dưỡng
|
| 653 |
# |
# |
|a lịch sử
|
| 653 |
# |
# |
|a sách tham khảo
|
| 653 |
# |
# |
|a sách giáo viên
|
| 700 |
0 |
# |
|a Phan Huy Lê
|
| 852 |
# |
# |
|b Kho giáo trình
|j KGT.0025842, KGT.0025843, KGT.0025844, KGT.0025845
|
| 852 |
# |
# |
|b Kho mượn
|j KGT.0025842
|
| 852 |
# |
# |
|j KD.0009801
|j KGT.0025843
|j KGT.0025844
|j KGT.0025842
|j KGT.0025845
|
| 852 |
# |
# |
|b Kho đọc
|j KD.0009801
|
| 910 |
0 |
# |
|d 08/06/2011
|
| 980 |
# |
# |
|a Trung tâm Học liệu Lê Vũ Hùng, Trường Đại học Đồng Tháp
|